| 000 | 00566nam a2200217 a 4500 | ||
|---|---|---|---|
| 001 | 1571 | ||
| 003 | CDMR | ||
| 005 | 20131217172951.0 | ||
| 008 | 130130s1986||||||||||||||||||||||||||||d | ||
| 020 | _a8486459125 | ||
| 024 |
_2DL _aM244771986 |
||
| 040 |
_aCDMR _bcat _cCDMR |
||
| 100 | 1 |
_aSánchez Ferlosio, Rafael _91177 |
|
| 245 | 1 | 0 | _aHomilía del ratón |
| 260 |
_aMadrid _c1986 _bEl País |
||
| 300 | _a288 p. | ||
| 490 |
_aEdiciones El País _v13 |
||
| 600 |
_91177 _aSánchez Ferlosio, Rafael |
||
| 650 |
_94197 _aRecull d'articles _zEspanya |
||
| 942 |
_cMON _2udc |
||
| 999 |
_c1571 _d1571 |
||